00353nam a22001097a 4500040000900000082001200009100007400021110004200095245004700137260004300184650001600227 cNUST a220 PRO aNC Umer Sarfaraz PC Hamza Imtiaz NC Abdullah Rizwan GC Khubaib Ahmed  aProject Supervisor: Dr. Shahzor Ahmed aPR-SOF-2186-Detection of Defects In Fabric aIslamabad:bNUST College of EME,c2022 aDE-ELECT-40